01673nam a22001937a 450000500170000000800410001702000180005804000090007604100080008508200210009310000140011424500100012826000330013830000270017136500560019852011820025465000200143665000230145620260130091314.0220531b ||||| |||| 00| 0 eng d a9781787468085 cAloy aeng 223a823.92bJAMF aE L James aFreed aLondon:bArrow Books,c2021. aviii,757pbPBc19x12cm 2Englisha1175b399.00c₹d499.00e20%f25-05-2022 aYou are cordially invited to the wedding of the decade, when Christian Grey will make Anastasia Steele his wife. But is he really husband material? His dad is unsure, his brother wants to organise one helluva bachelor party, and his fiancée won't vow to obey... And marriage brings its own challenges. Their passion for each other burns hotter and deeper than ever, but Ana's defiant spirit continues to stir Christian's darkest fears and tests his need for control. As old rivalries and resentments endanger them both, one misjudgement threatens to tear them apart. Can Christian overcome the nightmares of his childhood and the torments of his youth, and save himself? And once he's discovered the truth of his origins, can he find forgiveness and accept Ana's unconditional love? Can Christian finally be freed? Relive the sensuality, the romance, and the drama of Fifty Shades Freed - the love story that enthralled millions of readers around the world - through the thoughts, reflections, and dreams of Christian Grey. E.L. James revisits the world of Fifty Shades with a deeper and darker take on the love story that has enthralled millions of readers around the globe. aEnglish Fiction aEnglish Literature